LEADER 01520nam a2200361 u 4500 001 000000034118 003 CaOOAMICUS 005 20070226112434.0 008 971124s1993 it u000 u ita u 020 $a8839903763 035 $a10777036 040 $aPUL$bita$dMSA 041 0 $aita$hger 100 1 $aHuber, Wolfgang,$d1928-$0(OLS)http://pul/name/26397 240 10$aFriedensethik.$lItaliano.$0(OLS)http://pul/title/47029 245 10$aEtica della pace :$bcon una postfazione per l'edizione italiana /$cWolfgang Huber, Hans-Richard Reuter. 260 $aBrescia :$bQueriniana,$c1993. 300 $a564 p. ;$c23 cm 490 1 $aBiblioteca di teologia contemporanea ;$v76 500 $aTraduzione dal tedesco di Carlo Danna. 504 $aInclude indici e riferimenti biblografici. 650 4$aPace.$0(OLS)http://pul/subject/4327 650 4$aEtica politica.$0(OLS)http://pul/subject/17437 700 1 $aReuter, Hans-Richard,$d1947-$0(OLS)http://pul/name/26398 830 0$aBiblioteca di teologia contemporanea ;$v76.$0(OLS)http://pul/title/7472 850 $aPUL 852 $aPUL$W1$xSL Religione 3$y85$m200 BTC 1.76$j46804$nBK-PRI$b $qDDC 21$B46804$CPULBib$Z2$F46804 $82 941 1 $a9 961 $aINV: 72245 -- ordinario 983 0$aBTC. 996 $6020$a8839903763$9(OLS)http://pul/number/42831 996 $6245$aEtica della pace :$bcon una postfazione per l'edizione italiana$9(OLS)http://pul/title/47030 996 $6260$aBrescia :$bQueriniana$9(OLS)http://pul/publisher/47906 LEADER 01192nam a2200289 a 4500 001 000000143954 003 CaOOAMICUS 005 20150610095532.0 008 150610s2015 it u000 u ita r 020 $a978-88-88758-78-7 040 $aPUL$bita 082 04$a232 100 1 $aOrlando, Luigi,$csac.$0(OLS)http://pul/name/84590 245 10$aInni a Gesł Signore :$balle origini della Chiesa, Fil 2,6-11; Col 1,15-20; 1Tm 3,16 /$cLuigi Orlando. 260 $aBari :$bEcumenica,$c2015. 300 $a174 p. ;$c24 cm 500 $aContiene indici. 504 $aBibliografia in nota. 630 04$aBiblia.$pN.T.$xCritica e interpretazione.$0(OLS)http://pul/subject/1926 850 $aPUL 852 $aPUL$W1$xSL Religione 3$y85$m232 ORLLU 1$j166016$qDDC 21$B166453$CPULBib$Z2$F166453 $H126079 $82 941 1 $a9 996 $6020$a978-88-88758-78-7$9(OLS)http://pul/number/157823 996 $6082$a232$9(OLS)http://pul/classification/381 996 $6245$aInni a Gesł Signore :$balle origini della Chiesa, Fil 2,6-11; Col 1,15-20; 1Tm 3,16$9(OLS)http://pul/title/182124 996 $6260$aBari :$bEcumenica$9(OLS)http://pul/publisher/53992